| 000 | 00449nam a2200145 i 4500 | ||
|---|---|---|---|
| 001 | 30503 | ||
| 003 | ES-MaACL | ||
| 007 | t| | ||
| 008 | 030124s1889 fr ||||1| fre d | ||
| 100 | 1 |
_aBarthelemy Saint-Hilaire, Jules. _926123 |
|
| 245 | 1 | 3 |
_aLa philosophie dans ses rapports avec les sciences et la Religion / _cJules Barthelemy Saint-Hilaire. |
| 260 |
_aParĂs : _bP. Brodard, _c1889. |
||
| 300 |
_a280 p. ; _c22 cm. |
||
| 852 |
_aES-MaACL _jB-6185 |
||
| 999 |
_c30503 _d30503 |
||